[Event "Erfurt op-A 29th"]
[Site "Erfurt"]
[Date "2019.12.28"]
[Round "4"]
[White "Hartge, Gedeon"]
[Black "Fichtner, Ewald"]
[Result "1/2-1/2"]
[WhiteElo "2239"]
[BlackElo "2055"]
[PlyCount "49"]
[EventDate "2019.12.26"]
[EventType "swiss"]
[EventRounds "8"]
[EventCountry "GER"]
[SourceTitle "CBM 194 Extra"]
[Source "ChessBase"]
[SourceDate "2020.03.31"]
[SourceVersion "1"]
[SourceVersionDate "2020.03.31"]
[SourceQuality "1"]

1. d4 d5 2. c4 c6 3. Nf3 Nf6 4. Nc3 dxc4 5. a4 Bf5 6. Ne5 Nbd7 7. Nxc4 Qc7 8. g3 e5 9. dxe5 Nxe5 10. Bf4 Nfd7 11. Bg2 Be6 12. Nxe5 Nxe5 13. Qd4 f6 14. 0-0 Be7 15. b4 0-0 16. b5 Rfd8 17. Qe4 Rac8 18. Rac1 Ba3 19. Rb1 Bf7 20. bxc6 bxc6 21. Bh3 Bg6 22. Bf5 Bxf5 23. Qxf5 Qe7 24. Rfd1 a5 25. Bxe5 1/2-1/2

[Event "NATO-ch 30th"]
[Site "Berlin"]
[Date "2019.09.19"]
[Round "6.15"]
[White "Fichtner, Ewald"]
[Black "Werksma, Arie"]
[Result "0-1"]
[WhiteElo "2046"]
[BlackElo "2197"]
[PlyCount "88"]
[EventDate "2019.09.14"]
[EventType "team-swiss"]
[EventRounds "7"]
[EventCountry "GER"]
[SourceTitle "EXT 2020"]
[Source "ChessBase"]
[SourceDate "2019.10.17"]
[SourceVersion "1"]
[SourceVersionDate "2019.10.17"]
[SourceQuality "1"]
[WhiteTeam "NATO II"]
[BlackTeam "Netherlands"]
[BlackTeamCountry "NED"]

1. d4 Nf6 2. Bf4 e6 3. e3 b6 4. Nf3 Bb7 5. Nbd2 Be7 6. Bd3 d5 7. Ne5 a6 8. Qf3 Nbd7 9. c3 Nxe5 10. dxe5 Nd7 11. h4 Nc5 12. Bc2 d4 13. Qg4 dxc3 14. bxc3 Nd3+ 15. Ke2 Nxf4+ 16. exf4 Qd7 17. Rad1 0-0-0 18. c4 Qd4 19. Rh3 Bc5 20. Qg3 g6 21. Kf1 Rd7 22. Kg1 Rhd8 23. Nf1 Qxc4 24. Rxd7 Rxd7 25. Bb3 Qe2 26. Ne3 Rd2 27. h5 Qe1+ 28. Kh2 Bxe3 29. Qxe3 Qxe3 30. Rxe3 Rxf2 31. Kg3 Rxg2+ 32. Kh4 Rh2+ 33. Kg5 Rxh5+ 34. Kf6 Rf5+ 35. Ke7 Rxf4 36. Rd3 Bd5 37. Bxd5 exd5 38. Rxd5 Rf5 39. a4 h5 40. a5 bxa5 41. Rxa5 Kb7 42. Kd7 Kb6 43. Rd5 h4 44. Kc8 h3 0-1

[Event "Solingen Karneval op"]
[Site "Solingen"]
[Date "2017.02.24"]
[Round "1"]
[White "Ipekyilmaz, Tayfun"]
[Black "Fichtner, Ewald"]
[Result "1/2-1/2"]
[WhiteElo "1697"]
[BlackElo "2049"]
[PlyCount "83"]
[EventDate "2017.02.24"]
[EventType "swiss"]
[EventRounds "5"]
[EventCountry "GER"]
[SourceTitle "EXT 2018"]
[Source "ChessBase"]
[SourceDate "2017.10.13"]
[SourceVersion "1"]
[SourceVersionDate "2017.10.13"]
[SourceQuality "1"]

1. e4 c6 2. d4 d5 3. exd5 cxd5 4. c4 Nf6 5. Nc3 Nc6 6. c5 g6 7. Bb5 Bg7 8. Nge2 0-0 9. Bg5 Bf5 10. 0-0 Rc8 11. Qd2 Re8 12. Rad1 b6 13. Ba6 Rc7 14. Bf4 Rd7 15. Bb5 Qc8 16. cxb6 a6 17. Bd3 Ne4 18. Bxe4 dxe4 19. Qe3 e5 20. dxe5 Rd3 21. Rxd3 exd3 22. Nd4 Nxe5 23. Qg3 Qd7 24. Nxf5 Qxf5 25. Rd1 Rb8 26. Bxe5 Bxe5 27. Qxd3 Qxd3 28. Rxd3 Rxb6 29. b3 Rc6 30. Nd1 Rc2 31. a4 Kg7 32. Kf1 h5 33. h3 Bc7 34. Ne3 Ra2 35. Nc4 Bb8 36. Rd2 Ra1+ 37. Ke2 Rg1 38. Kf3 Rb1 39. Rb2 Rc1 40. Ke4 Rd1 41. Rd2 Rb1 42. Rb2 1/2-1/2

[Event "NATO-ch 26th"]
[Site "Amsterdam"]
[Date "2015.07.08"]
[Round "4.7"]
[White "Fichtner, Ewald"]
[Black "Papista, Akos"]
[Result "0-1"]
[WhiteElo "2091"]
[BlackElo "2139"]
[PlyCount "96"]
[EventDate "2015.07.06"]
[EventType "swiss"]
[EventRounds "7"]
[EventCountry "NED"]
[SourceTitle "EXT 2016"]
[Source "ChessBase"]
[SourceDate "2015.10.08"]
[SourceVersion "1"]
[SourceVersionDate "2015.10.08"]
[SourceQuality "1"]
[WhiteTeam "Germany"]
[BlackTeam "Hungary"]
[WhiteTeamCountry "GER"]
[BlackTeamCountry "HUN"]

1. d4 e6 2. Bf4 b6 3. e3 Bb7 4. Nf3 f5 5. Nbd2 Nf6 6. h3 Be7 7. Bd3 Ne4 8. Rg1 d6 9. g4 Bh4 10. Nxh4 Qxh4 11. Qf3 Nc5 12. e4 Nxd3+ 13. Qxd3 fxe4 14. Nxe4 Qe7 15. 0-0-0 Nd7 16. Ng5 0-0-0 17. Rge1 Nf8 18. Kb1 h6 19. Ne4 Qf7 20. Bg3 Ng6 21. Qe3 Rhf8 22. Nc3 Rde8 23. a4 Nf4 24. Bxf4 Qxf4 25. Rd2 Qf3 26. Nd1 g5 27. Rd3 Qg2 28. Qg3 Rf4 29. b3 a5 30. Kb2 Kd7 31. Rg1 Qxg3 32. Rgxg3 Ref8 33. Kc3 Bf3 34. Rd2 Bxd1 35. Rxd1 Rxf2 36. Rdd3 R8f4 37. Rde3 c5 38. dxc5 bxc5 39. Rg1 d5 40. Kb2 R2f3 41. Rge1 Rxe3 42. Rxe3 Kd6 43. Kc1 e5 44. Kd2 Rf2+ 45. Ke1 Rxc2 46. Rf3 e4 47. Rf6+ Ke5 48. Rxh6 d4 0-1

[Event "Regionalliga SW 1415"]
[Site "Bayern"]
[Date "2015.02.22"]
[Round "7.1"]
[White "Fichtner, Ewald"]
[Black "Rusche, Johannes"]
[Result "0-1"]
[WhiteElo "2062"]
[BlackElo "2231"]
[PlyCount "22"]
[EventDate "2014.10.19"]
[EventType "team-tourn"]
[EventRounds "9"]
[EventCountry "GER"]
[SourceTitle "EXT 2018"]
[Source "ChessBase"]
[SourceDate "2017.10.13"]
[SourceVersion "1"]
[SourceVersionDate "2017.10.13"]
[SourceQuality "1"]
[WhiteTeam "Bayern Muenchen III"]
[BlackTeam "Garching II"]
[WhiteTeamCountry "GER"]
[BlackTeamCountry "GER"]

1. d4 Nf6 2. Bf4 e6 3. e3 b6 4. Nf3 Bb7 5. Nbd2 Be7 6. Bd3 c5 7. c3 Nh5 8. Bg3 Nc6 9. e4 cxd4 10. Nxd4 Nxg3 11. Nxc6 dxc6 0-1

[Event "Regionalliga SW 1314"]
[Site "Bayern"]
[Date "2014.04.06"]
[Round "9.6"]
[White "Fichtner, Ewald"]
[Black "Rebitzer, Winfried"]
[Result "1-0"]
[WhiteElo "2040"]
[BlackElo "1977"]
[PlyCount "81"]
[EventDate "2013.10.13"]
[EventType "team-tourn"]
[EventRounds "9"]
[EventCountry "GER"]
[SourceTitle "EXT 2015"]
[Source "ChessBase"]
[SourceDate "2014.11.20"]
[SourceVersion "1"]
[SourceVersionDate "2014.11.20"]
[SourceQuality "1"]
[WhiteTeam "Bayern Muenchen III"]
[BlackTeam "Mering"]
[WhiteTeamCountry "GER"]
[BlackTeamCountry "GER"]

1. d4 Nf6 2. c4 e6 3. g3 c5 4. d5 exd5 5. cxd5 d6 6. Nc3 g6 7. Bg2 Bg7 8. Nf3 0-0 9. 0-0 Re8 10. Nd2 Nbd7 11. a4 a6 12. h3 Rb8 13. Nc4 Nb6 14. Na3 Nbd7 15. Nc4 Nb6 16. Nd2 Nbd7 17. a5 b5 18. axb6 Nxb6 19. e4 Bd7 20. Kh2 Bb5 21. Re1 g5 22. Bf1 Nbd7 23. Nc4 Bxc4 24. Bxc4 Ne5 25. Bxa6 g4 26. hxg4 Nexg4+ 27. Kg2 Rb4 28. Bd3 Qb6 29. Ra6 Qb8 30. Qe2 h5 31. f3 Ne5 32. Bb5 Re7 33. Bf4 Nfd7 34. Rea1 Nb6 35. Bc1 Kh7 36. R1a3 c4 37. Be3 Nd3 38. Rxb6 Qxb6 39. Bxb6 Rxb2 40. Qxb2 Nxb2 41. Bc6 1-0

[Event "Regionalliga SW 1314"]
[Site "Bayern"]
[Date "2014.02.09"]
[Round "6.7"]
[White "Fichtner, Ewald"]
[Black "Kwan, Michael"]
[Result "0-1"]
[WhiteElo "2040"]
[BlackElo "2080"]
[PlyCount "108"]
[EventDate "2013.10.13"]
[EventType "team-tourn"]
[EventRounds "9"]
[EventCountry "GER"]
[SourceTitle "EXT 2015"]
[Source "ChessBase"]
[SourceDate "2014.11.20"]
[SourceVersion "1"]
[SourceVersionDate "2014.11.20"]
[SourceQuality "1"]
[WhiteTeam "Bayern Muenchen III"]
[BlackTeam "Muenchen 36"]
[WhiteTeamCountry "GER"]
[BlackTeamCountry "GER"]

1. d4 Nf6 2. c4 c5 3. d5 b5 4. cxb5 a6 5. bxa6 g6 6. g3 d6 7. Nc3 Bxa6 8. Bg2 Bg7 9. Nf3 0-0 10. 0-0 Nbd7 11. Rb1 Ng4 12. Qc2 Bxc3 13. bxc3 Bc4 14. a3 Bxd5 15. c4 Bc6 16. h3 Ngf6 17. Nh4 Bxg2 18. Nxg2 Qa5 19. f4 Qa4 20. Qxa4 Rxa4 21. Ne3 Rb8 22. Rxb8+ Nxb8 23. Bb2 Ne4 24. Kg2 Nc6 25. Rc1 Nd4 26. Re1 f5 27. g4 Kf7 28. gxf5 Nxf5 29. Nxf5 gxf5 30. Rc1 Nd2 31. Rc3 Nxc4 32. Bc1 Nb6 33. Kf3 Rc4 34. Bd2 Rxc3+ 35. Bxc3 d5 36. Be1 d4 37. e4 e6 38. e5 Ke7 39. Ke2 Kd7 40. Kd3 Kc6 41. Ba5 Nd5 42. Bd2 Nb6 43. Ba5 Na4 44. Kc4 Nb2+ 45. Kb3 Kb5 46. Be1 Na4 47. Bf2 d3 48. Be3 c4+ 49. Ka2 Nc3+ 50. Ka1 Ka4 51. h4 Kxa3 52. h5 Kb3 53. h6 Kc2 54. Bc1 Ne4 0-1

[Event "NATO-ch 24th"]
[Site "Rynia"]
[Date "2013.08.16"]
[Round "7"]
[White "Macaspac, Arthur"]
[Black "Fichtner, Ewald"]
[Result "1/2-1/2"]
[WhiteElo "2107"]
[BlackElo "2018"]
[PlyCount "98"]
[EventDate "2013.08.12"]
[EventType "swiss"]
[EventRounds "7"]
[EventCountry "POL"]
[SourceTitle "CBM 156 Extra"]
[Source "ChessBase"]
[SourceDate "2013.10.22"]
[SourceVersion "1"]
[SourceVersionDate "2013.10.22"]
[SourceQuality "1"]

1. c4 c6 2. e4 d5 3. cxd5 cxd5 4. exd5 Nf6 5. Nc3 Nxd5 6. d4 Nc6 7. a3 g6 8. Bc4 Nb6 9. Bb5 a6 10. Bxc6+ bxc6 11. Nf3 Bg4 12. h3 Be6 13. 0-0 Bg7 14. Bf4 0-0 15. Re1 Nc4 16. b3 Na5 17. Rb1 c5 18. Ne2 c4 19. bxc4 Nxc4 20. Qa4 Qa5 21. Qxa5 Nxa5 22. Nc3 Nc4 23. a4 h6 24. Rb7 g5 25. Bg3 Rfe8 26. Na2 Kf8 27. Nb4 a5 28. Nc6 Bd5 29. Rc7 e6 30. Nfe5 Nxe5 31. Nxe5 Re7 32. Rc5 Kg8 33. Rb1 f6 34. Nc6 Rf7 35. Nxa5 Bf8 36. Rcb5 Rfa7 37. Nb7 Rxa4 38. Nc5 Rxd4 39. Nd7 Be7 40. Nb6 Re8 41. Nxd5 Rxd5 42. Rb7 e5 43. Rc1 Kf7 44. Rcc7 Ke6 45. Kh2 f5 46. f3 Rd1 47. Bxe5 Kxe5 48. Rxe7+ Rxe7 49. Rxe7+ Kf6 1/2-1/2

[Event "NRW Class2 1112"]
[Site "Germany"]
[Date "2012.03.04"]
[Round "7.3"]
[White "Fichtner, Ewald"]
[Black "Ackermann, Hans Werner"]
[Result "0-1"]
[WhiteElo "2030"]
[BlackElo "2240"]
[PlyCount "106"]
[EventDate "2011.09.18"]
[EventType "team-tourn"]
[EventRounds "9"]
[EventCountry "GER"]
[SourceTitle "EXT 2015"]
[Source "ChessBase"]
[SourceDate "2014.11.20"]
[SourceVersion "1"]
[SourceVersionDate "2014.11.20"]
[SourceQuality "1"]
[WhiteTeam "Solingen III"]
[BlackTeam "Dortmund Hansa II"]
[WhiteTeamCountry "GER"]
[BlackTeamCountry "GER"]

1. d4 Nf6 2. Bf4 d5 3. e3 Bg4 4. f3 Bd7 5. c4 e6 6. Nc3 dxc4 7. Bxc4 Bd6 8. Nge2 0-0 9. Bg5 Be7 10. 0-0 a6 11. e4 Nxe4 12. Bxe7 Nxc3 13. Bxd8 Nxd1 14. Bxc7 Nxb2 15. Bb3 Rc8 16. Rfc1 Nc6 17. Bb6 Nd3 18. Rc3 Ndb4 19. a3 Nd5 20. Bxd5 exd5 21. a4 Ne7 22. Bc5 Ng6 23. a5 Re8 24. Kf2 Bb5 25. Re1 Re6 26. Nc1 Rxe1 27. Kxe1 Re8+ 28. Kf2 Nf4 29. Bb6 Ne2 30. Nxe2 Rxe2+ 31. Kg3 Bc6 32. f4 f6 33. Kf3 Ra2 34. Re3 Kf7 35. Re2 Ra1 36. Re3 h5 37. h4 Ra4 38. Kf2 Bb5 39. Rc3 Ra2+ 40. Kg1 Bc6 41. Re3 Bd7 42. Rc3 Bf5 43. Rf3 Be4 44. Rf2 Ra1+ 45. Rf1 Ra3 46. Rf2 Ke6 47. Kh2 Kf5 48. Bc7 Ra4 49. Bb6 Kg4 50. Rf1 Ra2 51. Rg1 Kxh4 52. Bd8 Kg4 53. Bc7 h4 0-1

[Event "NRW Class2 1112"]
[Site "Germany"]
[Date "2011.12.04"]
[Round "4.5"]
[White "Haas, Kai Markus"]
[Black "Fichtner, Ewald"]
[Result "1/2-1/2"]
[WhiteElo "1975"]
[BlackElo "2030"]
[PlyCount "45"]
[EventDate "2011.09.18"]
[EventType "team-tourn"]
[EventRounds "9"]
[EventCountry "GER"]
[SourceTitle "EXT 2015"]
[Source "ChessBase"]
[SourceDate "2014.11.20"]
[SourceVersion "1"]
[SourceVersionDate "2014.11.20"]
[SourceQuality "1"]
[WhiteTeam "Sendenhorst"]
[BlackTeam "Solingen III"]
[WhiteTeamCountry "GER"]
[BlackTeamCountry "GER"]

1. f4 d5 2. b3 Nf6 3. Nf3 c6 4. Bb2 Bg4 5. e3 Nbd7 6. Be2 Bxf3 7. Bxf3 Qc7 8. 0-0 e5 9. g3 Bd6 10. a4 a5 11. Ba3 0-0 12. Qe2 Rfe8 13. Qg2 d4 14. Kh1 exf4 15. exf4 Nb6 16. Bb2 Bc5 17. Na3 Re7 18. Nc4 Nxc4 19. bxc4 Rae8 20. d3 Qd7 21. g4 Qd6 22. g5 Nd7 23. Be4 1/2-1/2

[Event "NRW Class2 1112"]
[Site "Germany"]
[Date "2011.10.09"]
[Round "2.6"]
[White "Fichtner, Ewald"]
[Black "Heuermann, Heinz Burkhard"]
[Result "1-0"]
[WhiteElo "2030"]
[BlackElo "2034"]
[PlyCount "39"]
[EventDate "2011.09.18"]
[EventType "team-tourn"]
[EventRounds "9"]
[EventCountry "GER"]
[SourceTitle "EXT 2015"]
[Source "ChessBase"]
[SourceDate "2014.11.20"]
[SourceVersion "1"]
[SourceVersionDate "2014.11.20"]
[SourceQuality "1"]
[WhiteTeam "Solingen III"]
[BlackTeam "Herford"]
[WhiteTeamCountry "GER"]
[BlackTeamCountry "GER"]

1. d4 Nf6 2. c4 g6 3. g3 c6 4. Nf3 Bg7 5. Bg2 d5 6. cxd5 cxd5 7. Nc3 0-0 8. Ne5 e6 9. 0-0 a6 10. Be3 Nfd7 11. f4 f6 12. Nf3 Nc6 13. Bf2 b5 14. e4 dxe4 15. Nxe4 Qe7 16. d5 Nd8 17. Re1 e5 18. fxe5 fxe5 19. d6 Qe8 20. Qd5+ 1-0